| 000 | 00375nam a2200157Ia 4500 | ||
|---|---|---|---|
| 008 | 230718s9999 xx 000 0 und d | ||
| 041 | _aeng | ||
| 082 |
_a128.2 _bNAS |
||
| 100 |
_aNasar S. _9126567 |
||
| 245 | _aBeautiful Mind | ||
| 260 |
_c1998 _bF.F. |
||
| 300 | _a458 | ||
| 365 |
_cRs. _b305.00 |
||
| 700 |
_aNasar S. _9126567 |
||
| 906 |
_dB:498110-Jul-2002 _cOTH _b45.75 |
||
| 999 |
_c303732 _d303732 |
||